Nemecko-slovenský slovník /
Guardado en:
| Autores principales: | , , |
|---|---|
| Formato: | Libro |
| Lenguaje: | lenguas múltiples |
| Publicado: |
Bratislava :
Topas,
1991
|
| Edición: | 6.vyd. |
| Etiquetas: |
Sin Etiquetas, Sea el primero en etiquetar este registro!
|
MARC
| LEADER | 00000nam a22000003a 4500 | ||
|---|---|---|---|
| 001 | stu26373 | ||
| 005 | 20150617225739.2 | ||
| 008 | 910524s1991----xo------------------mul-d | ||
| 020 | |a 80-85353-01-6 | ||
| 040 | |a STU |b slo | ||
| 041 | 0 | |a mul | |
| 044 | |a xo | ||
| 080 | |a 801.323.2=30=854 |7 stu_us_auth*stu8224 | ||
| 100 | 1 | |a Sandany, Artúr |4 aut | |
| 245 | 1 | |a Nemecko-slovenský slovník / |c [aut]Sandany,A.;Schultz,J.;Pavlíková,I | |
| 250 | |a 6.vyd. | ||
| 260 | |a Bratislava : |b Topas, |c 1991 | ||
| 300 | |a 689 s | ||
| 700 | 1 | |a Schultz, Ján |4 aut | |
| 700 | 1 | |a Pavlíková, Irena |4 aut | |
| 996 | |b 284V028981 |c V*39903/O-16902 |l VVT |s A |a 24 |w stu26373_0001 | ||
| 996 | |c V*40311/O-17068 |l VV4 |s P |a 0 |w stu26373_0002 | ||
| 996 | |b 284V001577 |c V*42848/O-18437 |l VVS |s A |a 24 |w stu26373_0003 | ||
| 996 | |b 284V026284 |c V*42849/O-18437a |l VVS |s A |a 24 |w stu26373_0004 | ||